00445nam a2200109Ia 4500008004100000100002300041245009400064260004100158650007500199650001200274856004900286171212s9999 xx 000 0 und d aHager, Sandy Brian cHager, Sandy BrianaPublic Debt, Inequality, and PowerbThe Making of a Modern Debt State bUniversity of California Pressc2016 aDebts, Public -- United States; Government securities -- United States aHistory uhttp://jstor.org/stable/10.1525/j.ctt1ffjnfn